Sąsiedzi Polski - Statystyki

Ogólne statystyki
  • Ten quiz został rozwiązany 157 razy
  • Średni wynik to 7 z 7
Statystyki odpowiedzi
Państwo % Poprawnych
Czechy
100%
Niemcy
100%
Słowacja
98%
Ukraina
98%
Rosja
97%
Litwa
93%
Białoruś
91%
Nie znaleziono quizów pasujących do podanych kryteriów
Rozkład punktacji
Procent ludzi z każdym wynikiem
Percentyl według liczby udzielonych odpowiedzi
Twoja historia wyników
Nie rozwiązałeś tego quizu